| 000 | 00636nam a22001817a 4500 | ||
|---|---|---|---|
| 999 |
_c15208 _d15208 |
||
| 003 | OSt | ||
| 082 | _2631.75807 JAC/PE | ||
| 088 | _aT 147 | ||
| 100 |
_aJACOB BIJO DANIEL _93354 |
||
| 245 | _aPerformance evaluation of micro - irrigation devices | ||
| 260 |
_aTavanur 2003 _bDepartment of Land and Water Resources and Conservation Engineering |
||
| 300 | _a149 | ||
| 500 | _aPerformance evaluation of micro - irrigation devices | ||
| 520 | _aPerformance evaluation of micro - irrigation devices | ||
| 700 |
_aEr. Vishnu B (Guide) _93355 |
||
| 856 | _uhttps://drive.google.com/open?id=1NEVcia7y_AN_RPmyDUeqrd0vhLlHvrGr | ||
| 942 | _cTH | ||